| 000 | 00602nam a2200193Ia 4500 | ||
|---|---|---|---|
| 003 | OSt | ||
| 005 | 20250214143340.0 | ||
| 008 | 210719s1995 xx 000 0 und d | ||
| 040 | _cAL | ||
| 041 | _aKannada | ||
| 082 | _aK894.1 AMRE | ||
| 100 |
_aAMRATESH TANDARA _dಅಮೃತೇಶ್ ತಂದಾರ _9199807 |
||
| 245 |
_aEdeyalada muttugalu: kavana sankalana. _bಎದೆಯಾಳದ ಮುತ್ತುಗಳು : ಕವನ ಸಂಕಲನ. |
||
| 260 |
_aAnnigeri _bAmrata Prakashana _c1995 |
||
| 300 |
_a56 _bPB |
||
| 365 |
_b15 _cRs |
||
| 650 |
_aKannada Poetry _9199808 |
||
| 942 |
_2ddc _cBK |
||
| 999 |
_c213916 _d213916 |
||